| 000 -LEADER |
| fixed length control field |
00684nam a22001337a 4500 |
| 040 ## - CATALOGING SOURCE |
| Transcribing agency |
RUA |
| 082 ## - DEWEY DECIMAL CLASSIFICATION NUMBER |
| Classification number |
AVM MAO 2018 B658 Or. |
| 100 ## - MAIN ENTRY--AUTHOR NAME |
| Personal name |
MAO CHANTHREA ម៉ៅ ចាន់ទ្រា |
| 245 ## - TITLE STATEMENT |
| Title |
gastro-intestinal parasite in cattle at yuthsamky commune, odong district, kompong speu province បរាសិតក្នុងក្រពះពោះវៀនគោ នៅឃុំយុទ្ឋសាមគ្គី ស្រុកឧដុង្គ ខេត្តកំពង់ស្ពឺ |
| 260 ## - PUBLICATION, DISTRIBUTION, ETC. (IMPRINT) |
| Place of publication |
RUA |
| Name of publisher |
PHNOM PENH |
| 300 ## - PHYSICAL DESCRIPTION |
| Number of Pages |
ix;41p |
| Other physical details |
ill; |
| Dimensions |
29cm |
| 856 ## - ELECTRONIC LOCATION AND ACCESS |
| Uniform Resource Identifier |
https://drive.google.com/file/d/18A6uMUHVLHAnA6svlGmVZ7kvjsRgPlQ0/view?usp=sharing |
| 942 ## - ADDED ENTRY ELEMENTS (KOHA) |
| Koha item type |
AVM |
| 952 ## - LOCATION AND ITEM INFORMATION (KOHA) |
| Withdrawn status [LOCAL, KOHA] |
0 |
| 952 ## - LOCATION AND ITEM INFORMATION (KOHA) |
| Withdrawn status [LOCAL, KOHA] |
0 |
| 952 ## - LOCATION AND ITEM INFORMATION (KOHA) |
| Withdrawn status [LOCAL, KOHA] |
0 |
| 952 ## - LOCATION AND ITEM INFORMATION (KOHA) |
| Withdrawn status [LOCAL, KOHA] |
0 |
| 952 ## - LOCATION AND ITEM INFORMATION (KOHA) |
| Withdrawn status [LOCAL, KOHA] |
0 |
| 952 ## - LOCATION AND ITEM INFORMATION (KOHA) |
| Withdrawn status [LOCAL, KOHA] |
0 |